| 000 | 00575nam a22001697a 4500 | ||
|---|---|---|---|
| 008 | 130102s2009 ua ||||| |||| 001 0 eng d | ||
| 082 |
_a665.53 _bSOL _222 |
||
| 100 |
_aSoliman, Moustafa Aly _931757 |
||
| 245 |
_aIntroduction to Modern Petroleum Refining Engineering / _cMoustafa Aly Soliman. |
||
| 260 |
_aCairo : _bDar El-Hedaia, _cc2009. |
||
| 300 |
_a264 p. : _bill. ; _c24 cm. |
||
| 504 | _aIncludes bibliographical references and index. | ||
| 650 |
_aPetroleum _xRefining _931758 |
||
| 650 |
_aPetroleum refineries _931759 |
||
| 653 | _bpet | ||
| 942 |
_2ddc _cBB _k665.53 SOL |
||
| 999 |
_c17150 _d17122 |
||